vufinder Bibliothèque Municipale de Charleval de Provence
Se connecter
« Retourner aux résultats de recherche

Histoire du féminisme

Book Cover
Auteur principal: Michèle Riot-Sarcey
Support: Livres
Langue: Francais
Publié: 2002 la Découverte Paris
Genre: Documentaire
Collection: Repères
Sujets:
Étiquettes: Ajouter
Pas de Tags !

LEADER 00724nam0a2200205 450
001 16848117
010 |a 2-7071-3704-9  |b Poche  |d 7,95 € 
100 |a 20011120d2002 u u0frey01 ba 
101 0 |a fre 
102 |a FR 
200 0 |a Histoire du féminisme  |f Michèle Riot-Sarcey 
207 1 |a   
210 |a Paris  |c la Découverte  |d 2002 
215 |a 128 p.  |d 18 x 11 cm 
225 1 |a Repères  |v 338 
330 |a Retrace les itinéraires conflictuels et les multiples aspects des luttes en faveur de l'égalité des sexes. 
700 0 |a Riot-Sarcey  |b Michèle  |4 70 
900 |a Documentaire 
901 |a Accessible au prêt 
995 |a Bibliothèque  |c Bibliothèque  |f 00156000685685  |h 00156000685685  |k 305.42 RIO  |o p  |q a  |r az  |e Bibliothèque 

Options de recherche

Historique de recherche
Recherche avancée

Trouver plus

Nouveautés

Besoin d'aide ?

Contacter un bibliothécaire